Liczba medali Letnich Igrzysk Olimpijskich 1920 - Statystyki

Ogólne statystyki
  • Ten quiz został rozwiązany 21 razy
  • Średni wynik to 9 z 10
Statystyki odpowiedzi
Medali Złoto Srebro Brąz Reprezentacja % Poprawnych
95 41 27 27 Stany Zjednoczone
100%
36 14 11 11 Belgia
95%
41 9 19 13 Francja
95%
42 14 15 13 Wielka Brytania
95%
11 4 2 5 Holandia
86%
23 13 5 5 Włochy
86%
34 15 10 9 Finlandia
81%
64 49 20 25 Szwecja
81%
31 13 9 9 Norwegia
76%
13 3 9 1 Dania
57%
Nie znaleziono quizów pasujących do podanych kryteriów
Rozkład punktacji
Procent ludzi z każdym wynikiem
Percentyl według liczby udzielonych odpowiedzi
Twoja historia wyników
Nie rozwiązałeś tego quizu